English legal system

Gardado en:
Detalles Bibliográficos
Autor Principal: Elliott, Catherine
Formato: Libro
Idioma:Undetermined
Publicado: London,New York Pearson Education Limited 2005
Những chủ đề:
Các nhãn: Engadir etiqueta
Sen Etiquetas, Sexa o primeiro en etiquetar este rexistro!
Thư viện lưu trữ: Trung tâm Học liệu Trường Đại học Cần Thơ
LEADER 00602nam a2200205Ia 4500
001 CTU_117830
008 210402s9999 xx 000 0 und d
020 |c 35.61 
082 |a 349.42 
082 |b E46 
100 |a Elliott, Catherine 
245 0 |a English legal system 
245 0 |c Catherine Elliott and Frances Quinn 
260 |a London,New York 
260 |b Pearson Education Limited 
260 |c 2005 
650 |a law great britain,justice, administration of,courts 
650 |z great britain,great britain 
904 |i Truc 
980 |a Trung tâm Học liệu Trường Đại học Cần Thơ